|
|
|
|
| LEADER |
00880nam a22002772a 4500 |
| 001 |
001690521 |
| 003 |
CZ BrMZK |
| 005 |
20190626125955.0 |
| 007 |
ta |
| 008 |
190626s1982 xr er 000 0 cze d |
| 015 |
|
|
|a cnb000401151
|
| 035 |
|
|
|a (OCoLC)42143179
|
| 040 |
|
|
|a ABA001
|b cze
|c ABA001
|d ABA001
|d BOA001
|
| 080 |
9 |
|
|a 608.2(094.57)
|
| 100 |
1 |
|
|a Zábrš, Aleš,
|d 1949-
|7 jx20070525054
|4 aut
|
| 245 |
1 |
0 |
|a ABC zlepšovatelů /
|c Aleš Zábrš, Vladislav Forman, Kateřina Hájková
|
| 260 |
|
|
|a Praha :
|b SEVT,
|c 1982
|
| 300 |
|
|
|a 199 s. ;
|c 15 cm
|
| 500 |
|
|
|a 10000 výt.
|
| 504 |
|
|
|a Obsahuje bibliografii
|
| 700 |
1 |
|
|a Forman, Vladislav
|7 ntk2012724320
|4 aut
|
| 700 |
1 |
|
|a Hájková, Kateřina
|4 aut
|
| 910 |
|
|
|a BOA001
|b S-0979.881
|
| 990 |
|
|
|a BK
|
| 991 |
|
|
|b 201906
|
| 996 |
6 |
|
|b 2610784007
|c S-0979.881
|l MZK
|r Sklad / do 24 hodin
|n 0
|p dar
|w 001731715
|u 000010
|a 1
|e BOA001
|j MZK50
|s P
|